<?xml version="1.0" encoding="UTF-8"?>
<record
    xmlns:xsi="http://www.w3.org/2001/XMLSchema-instance"
    xsi:schemaLocation="http://www.loc.gov/MARC21/slim http://www.loc.gov/standards/marcxml/schema/MARC21slim.xsd"
    xmlns="http://www.loc.gov/MARC21/slim">

  <leader>03910cam a2200421 i 4500</leader>
  <controlfield tag="001">58850</controlfield>
  <controlfield tag="003">CO-BoRNBP</controlfield>
  <controlfield tag="005">20250828192723.0</controlfield>
  <controlfield tag="007">cr*c|||||a|n|a</controlfield>
  <controlfield tag="008">211215s2021    ck o   go     000 0bspa  </controlfield>
  <datafield tag="040" ind1=" " ind2=" ">
    <subfield code="a">CO-BoBN</subfield>
    <subfield code="b">spa</subfield>
    <subfield code="e">rda</subfield>
    <subfield code="c">CO-BoBN</subfield>
  </datafield>
  <datafield tag="082" ind1="0" ind2="4">
    <subfield code="a">928.61</subfield>
    <subfield code="2">23</subfield>
  </datafield>
  <datafield tag="100" ind1="1" ind2=" ">
    <subfield code="a">Villamizar Ni&#xF1;o, Sebasti&#xE1;n,</subfield>
    <subfield code="e">autor</subfield>
    <subfield code="9">64179</subfield>
  </datafield>
  <datafield tag="245" ind1="1" ind2="1">
    <subfield code="a">[Fondo Manuel Anc&#xED;zar Basterra] /</subfield>
    <subfield code="c">[Sebasti&#xE1;n Villamizar Ni&#xF1;o]</subfield>
  </datafield>
  <datafield tag="250" ind1=" " ind2=" ">
    <subfield code="a">1a. edici&#xF3;n</subfield>
  </datafield>
  <datafield tag="264" ind1=" " ind2="1">
    <subfield code="a">[Colombia] :</subfield>
    <subfield code="b">[Universidad Nacional de Colombia],</subfield>
    <subfield code="c">[2021]</subfield>
  </datafield>
  <datafield tag="300" ind1=" " ind2=" ">
    <subfield code="a">1 recurso en l&#xED;nea</subfield>
  </datafield>
  <datafield tag="336" ind1=" " ind2=" ">
    <subfield code="a">texto</subfield>
    <subfield code="b">txt</subfield>
    <subfield code="2">rdacontent</subfield>
  </datafield>
  <datafield tag="337" ind1=" " ind2=" ">
    <subfield code="a">computadora</subfield>
    <subfield code="b">c</subfield>
    <subfield code="2">rdamedia</subfield>
  </datafield>
  <datafield tag="338" ind1=" " ind2=" ">
    <subfield code="a">recurso en l&#xED;nea</subfield>
    <subfield code="b">cr</subfield>
    <subfield code="2">rdacarrier</subfield>
  </datafield>
  <datafield tag="347" ind1=" " ind2=" ">
    <subfield code="a">archivo de texto:</subfield>
    <subfield code="b">PDF:</subfield>
    <subfield code="b">HTML</subfield>
    <subfield code="2">rda</subfield>
  </datafield>
  <datafield tag="490" ind1="0" ind2=" ">
    <subfield code="a">Divulgaci&#xF3;n de patrimonio bibliogr&#xE1;fico y documental</subfield>
  </datafield>
  <datafield tag="500" ind1=" " ind2=" ">
    <subfield code="a">T&#xED;tulo y menci&#xF3;n de responsabilidad tomadas de la obra</subfield>
  </datafield>
  <datafield tag="505" ind1="0" ind2=" ">
    <subfield code="a">Anarqu&#xED;a y rojismo en la Nueva Granada -- Comisi&#xF3;n Corogr&#xE1;fica 1850 -- Correspondencia -- Deuda del Per&#xFA; y Juicio de Resposabilidad --  El legado de Manuel Anc&#xED;zar Basterra -- El Neogranadino -- Escritos cubanos -- Hacia un proyecto de naci&#xF3;n La Convenci&#xF3;n de Rionegro -- La carrera diplom&#xE1;tica de Manuel Anc&#xED;zar -- La repatriaci&#xF3;n de esclavos del Per&#xFA; -- La vida privada de un hombre p&#xFA;blico -- Lecciones de Psicolog&#xED;a y Moral -- Leyes y Decretos en su honor -- Manuel Anc&#xED;zar como Subsecretario de Gobierno -- Participaci&#xF3;n de Manuel Anc&#xED;zar en Sociedades Mas&#xF3;nicas -- Peregrinaci&#xF3;n de Alpha -- Profesor y rector Colegio Nuestra Se&#xF1;ora del Rosario -- Profesor y rector de la Universidad Nacional de Colombia -- &#xBF;Quien fue Manuel Anc&#xED;zar Basterra? -- Retiro de un hombre p&#xFA;blico -- Rutas y Caminos Obras p&#xFA;blicas para la Nueva Granada -- Sociedades acad&#xE9;micas -- Sociedades civiles -- Una lecci&#xF3;n del pasado -- Vida politica de Manuel Anc&#xED;zar -- Rese&#xF1;a -- Flyer 1 -- Flyer 2</subfield>
  </datafield>
  <datafield tag="506" ind1="1" ind2=" ">
    <subfield code="a">Acceso restringido. Para consulta &#xFA;nicamente a trav&#xE9;s de equipos dispuestos en las salas de consulta de la Biblioteca Nacional de Colombia</subfield>
  </datafield>
  <datafield tag="520" ind1="2" ind2=" ">
    <subfield code="a">Este blog se denomin&#xF3; Fondo Manuel Anc&#xED;zar Basterra (http://fondomanuelancizarbasterra.co/) el cual est&#xE1; dividida en cinco secciones principales inspiradas en las series documentales que la Universidad Nacional utiliz&#xF3; para organizar la producci&#xF3;n documental de este autor y que fue donada a dicha instituci&#xF3;n en el a&#xF1;o 2013. Estas secciones son: Personal, Correspondencia, Cargos no Oficiales, Cargos Oficiales y Escritos. Se generaron 25 publicaciones peri&#xF3;dicas en las que se exhibieron algunas de las piezas documentales relacionadas con su labor como acad&#xE9;mico, pol&#xED;tico, diplom&#xE1;tico y escritor y tambi&#xE9;n de algunos proyectos nacionales a los que aport&#xF3;; todo esto con el fin presentar al p&#xFA;blico en general el valor hist&#xF3;rico y cultural de este personaje y potencializar su visibilidad, su significado y su relaci&#xF3;n con la historia de la Universidad Nacional y de la Naci&#xF3;n.</subfield>
  </datafield>
  <datafield tag="540" ind1=" " ind2=" ">
    <subfield code="a">Todos los derechos reservados. Est&#xE1; prohibido todo tipo de reproducci&#xF3;n sin autorizaci&#xF3;n del autor o de los derechohabientes.</subfield>
  </datafield>
  <datafield tag="586" ind1=" " ind2=" ">
    <subfield code="a">Programa Nacional de Est&#xED;mulos, Ministerio de Cultura. Beca estrategias de producci&#xF3;n y circulaci&#xF3;n digital del patrimonio bibliogr&#xE1;fico y documental Colombiano. 2021</subfield>
  </datafield>
  <datafield tag="600" ind1="1" ind2="4">
    <subfield code="a">Anc&#xED;zar, Manuel,</subfield>
    <subfield code="d">1812-1882</subfield>
    <subfield code="v">Biograf&#xED;as</subfield>
    <subfield code="9">64180</subfield>
  </datafield>
  <datafield tag="600" ind1="1" ind2="4">
    <subfield code="a">Anc&#xED;zar, Manuel,</subfield>
    <subfield code="d">1812-1882</subfield>
    <subfield code="x">Escritos pol&#xED;ticos</subfield>
    <subfield code="9">64181</subfield>
  </datafield>
  <datafield tag="600" ind1="1" ind2="4">
    <subfield code="a">Anc&#xED;zar, Manuel,</subfield>
    <subfield code="d">1812-1882</subfield>
    <subfield code="x">Personalidad</subfield>
    <subfield code="9">64182</subfield>
  </datafield>
  <datafield tag="600" ind1="1" ind2="4">
    <subfield code="a">Anc&#xED;zar, Manuel,</subfield>
    <subfield code="d">1812-1882</subfield>
    <subfield code="x">Pensamiento pol&#xED;tico</subfield>
    <subfield code="9">64183</subfield>
  </datafield>
  <datafield tag="600" ind1="1" ind2="4">
    <subfield code="a">Anc&#xED;zar, Manuel,</subfield>
    <subfield code="d">1812-1882</subfield>
    <subfield code="x">Correspondencia, memorias, etc.</subfield>
    <subfield code="9">64184</subfield>
  </datafield>
  <datafield tag="650" ind1="1" ind2="4">
    <subfield code="a">Escritores colombianos</subfield>
    <subfield code="y">Siglo XX</subfield>
    <subfield code="2">LEMB</subfield>
    <subfield code="9">64185</subfield>
  </datafield>
  <datafield tag="655" ind1=" " ind2="4">
    <subfield code="a">Libro digital</subfield>
    <subfield code="9">64186</subfield>
  </datafield>
  <datafield tag="856" ind1="4" ind2="0">
    <subfield code="z">VER DOCUMENTOS: BLOG</subfield>
    <subfield code="u">https://catalogoenlinea.bibliotecanacional.gov.co/client/es_ES/search/asset/234337</subfield>
  </datafield>
  <datafield tag="942" ind1=" " ind2=" ">
    <subfield code="2">ddc</subfield>
    <subfield code="c">BK</subfield>
  </datafield>
  <datafield tag="999" ind1=" " ind2=" ">
    <subfield code="c">58850</subfield>
    <subfield code="d">58850</subfield>
  </datafield>
  <datafield tag="952" ind1=" " ind2=" ">
    <subfield code="0">0</subfield>
    <subfield code="1">0</subfield>
    <subfield code="2">ddc</subfield>
    <subfield code="4">0</subfield>
    <subfield code="7">0</subfield>
    <subfield code="8">INF</subfield>
    <subfield code="a">MECASARI</subfield>
    <subfield code="b">MECASARI</subfield>
    <subfield code="c">LIT</subfield>
    <subfield code="d">2025-08-28</subfield>
    <subfield code="l">0</subfield>
    <subfield code="o">CG</subfield>
    <subfield code="p">MDA001449</subfield>
    <subfield code="r">2025-08-28 19:27:54</subfield>
    <subfield code="t">Ej.1</subfield>
    <subfield code="w">2025-08-28</subfield>
    <subfield code="y">BK</subfield>
  </datafield>
</record>
